000 00591nam a2200205Ia 4500
005 20221126122618.0
008 131103s9999 xx 000 0 und d
020 _aSBN : 195620763
_cRs.30
040 _aLoreto College
041 _aEnglish
082 _a954.14
_bSAR
100 _aSarkar,Tanika
245 _aBengal 1928 - 1934
_b The politics of protest
_cTanika Sarkar
260 _aDelhi
_bOxford University Press
_c1987
300 _a183 p.
504 _aIncludes bibliographical references and index
650 _aBengal History - 1928 - 1934
850 _aLCLIB
942 _cBK
999 _c10188
_d60667